000 00254nam a2200097Ia 4500
008 240331s9999 xx 000 0 und d
082 _a376
_bWEE
100 _aWeeratunge,N
245 0 _aAspects of ethnicity and gender among the Rodi of Sri LAnka
942 _cL
999 _c1301
_d1301